[Event "POL-chT Otwarta Lubelska"]
[Site "Wojewodztwo Lubelskie"]
[Date "2013.03.03"]
[Round "11.10"]
[White "Cymbala, Ireneusz"]
[Black "Posnik, Maurycy"]
[Result "1/2-1/2"]
[WhiteElo "1888"]
[BlackElo "1926"]
[PlyCount "108"]
[EventDate "2013.01.06"]
[EventType "team-tourn"]
[EventRounds "14"]
[EventCountry "POL"]
[SourceTitle "EXT 2020"]
[Source "ChessBase"]
[SourceDate "2019.10.17"]
[SourceVersion "1"]
[SourceVersionDate "2019.10.17"]
[SourceQuality "1"]
[WhiteTeam "Figuranci"]
[BlackTeam "Kurow"]
[WhiteTeamCountry "POL"]
[BlackTeamCountry "POL"]

1. e4 g6 2. d4 Bg7 3. Be3 d6 4. Qd2 c5 5. Bb5+ Bd7 6. Bxd7+ Nxd7 7. c3 Ngf6 8. f3 0-0 9. Ne2 Re8 10. 0-0 Qc7 11. Na3 Rad8 12. c4 a6 13. Rac1 Nf8 14. b4 b6 15. Rfd1 h5 16. Nc2 e5 17. d5 N6h7 18. a4 Nd7 19. a5 bxa5 20. bxa5 f5 21. Rb1 Rb8 22. Na3 Nhf6 23. exf5 gxf5 24. Bh6 Bh8 25. Ng3 f4 26. Nf5 Kf7 27. Bg5 Kg6 28. Bxf6 Kxf5 29. Bxh8 Rxh8 30. Qd3+ Kf6 31. Qc3 Rxb1 32. Nxb1 h4 33. Nd2 Kf7 34. Ne4 Rh5 35. h3 Nf6 36. Nf2 Rh8 37. Rb1 Rb8 38. Rc1 Rb4 39. Qd3 Qc8 40. Ng4 e4 41. fxe4 Nxg4 42. hxg4 Qxg4 43. Rf1 Ke7 44. e5 dxe5 45. Qh7+ Kf6 46. Qh8+ Qg7 47. Qxh4+ Qg5 48. Qh8+ Kf5 49. Qc8+ Ke4 50. Qxc5 Rb2 51. Rf2 Rb1+ 52. Rf1 Rb2 53. Rf2 Rb1+ 54. Rf1 Rb2 1/2-1/2

[Event "POL-chT Otwarta Lubelska"]
[Site "Wojewodztwo Lubelskie"]
[Date "2013.01.27"]
[Round "1.11"]
[White "Cymbala, Ireneusz"]
[Black "Praszak, Michal"]
[Result "0-1"]
[WhiteElo "1888"]
[BlackElo "2138"]
[PlyCount "88"]
[EventDate "2013.01.06"]
[EventType "team-tourn"]
[EventRounds "14"]
[EventCountry "POL"]
[SourceTitle "EXT 2020"]
[Source "ChessBase"]
[SourceDate "2019.10.17"]
[SourceVersion "1"]
[SourceVersionDate "2019.10.17"]
[SourceQuality "1"]
[WhiteTeam "Figuranci"]
[BlackTeam "Lublin Drakon"]
[WhiteTeamCountry "POL"]
[BlackTeamCountry "POL"]

1. e4 c5 2. Nf3 d6 3. d4 cxd4 4. Qxd4 a6 5. c4 Nc6 6. Qd2 g6 7. b3 Bg7 8. Bb2 Nf6 9. Nc3 0-0 10. Be2 Rb8 11. Rc1 Bd7 12. 0-0 Re8 13. Rfd1 Qa5 14. a3 Bg4 15. b4 Qh5 16. Qd3 Bh6 17. Rc2 Bf4 18. Bc1 Ne5 19. Bxf4 Nxd3 20. Rxd3 Rbc8 21. h3 Bxf3 22. Bxf3 Qh4 23. Bg3 Qh6 24. Nd5 Nxd5 25. exd5 Qg7 26. c5 a5 27. Rcc3 axb4 28. axb4 b6 29. c6 b5 30. Bf4 Ra8 31. Rb3 Ra1+ 32. Kh2 Rf1 33. Be3 Qa1 34. Bd4 Rh1+ 35. Kg3 Qc1 36. Be3 Qg1 37. Bd4 Qh2+ 38. Kg4 h6 39. g3 Qxh3+ 40. Kf4 Re1 41. Bg4 g5+ 42. Kf5 e6+ 43. dxe6 fxe6+ 44. Kg6 Qxg4 0-1

[Event "Dabrowica"]
[Site "Dabrowica"]
[Date "2012.01.07"]
[Round "2"]
[White "Dymek, Lukasz"]
[Black "Cymbala, Ireneusz"]
[Result "1/2-1/2"]
[WhiteElo "2095"]
[BlackElo "1931"]
[PlyCount "68"]
[EventDate "2012.01.06"]
[EventType "tourn"]
[EventRounds "5"]
[EventCountry "POL"]
[SourceTitle "EXT 2014"]
[Source "ChessBase"]
[SourceDate "2013.11.20"]
[SourceVersion "1"]
[SourceVersionDate "2013.11.20"]
[SourceQuality "1"]

1. d4 Nf6 2. Nf3 g6 3. c4 Bg7 4. g3 0-0 5. Bg2 c6 6. 0-0 d5 7. Qb3 Qb6 8. Nc3 Nbd7 9. Qxb6 Nxb6 10. cxd5 cxd5 11. b3 Ne4 12. Bb2 Nxc3 13. Bxc3 Bg4 14. h3 Bxf3 15. Bxf3 Rfc8 16. Rac1 f5 17. e3 e6 18. Be2 Rc7 19. Bd3 Rac8 20. Bd2 Rxc1 21. Rxc1 Rxc1+ 22. Bxc1 Kf7 23. Ba3 Nc8 24. Kf1 Bf8 25. Bc5 Bd6 26. Ke2 h6 27. Kd2 b6 28. Ba6 bxc5 29. Bxc8 cxd4 30. exd4 Bb4+ 31. Ke3 Kf6 32. Bb7 g5 33. Bc8 Ba3 34. Kd3 Bb4 1/2-1/2

[Event "Dabrowica"]
[Site "Dabrowica"]
[Date "2012.01.06"]
[Round "1"]
[White "Cymbala, Ireneusz"]
[Black "Czerw, Dawid"]
[Result "1-0"]
[WhiteElo "1931"]
[BlackElo "1821"]
[PlyCount "49"]
[EventDate "2012.01.06"]
[EventType "tourn"]
[EventRounds "5"]
[EventCountry "POL"]
[SourceTitle "EXT 2014"]
[Source "ChessBase"]
[SourceDate "2013.11.20"]
[SourceVersion "1"]
[SourceVersionDate "2013.11.20"]
[SourceQuality "1"]

1. e4 e6 2. Nf3 d5 3. Nc3 Nf6 4. e5 Nfd7 5. d4 c5 6. dxc5 Bxc5 7. Bd3 f6 8. exf6 Nxf6 9. Qe2 0-0 10. Bf4 Nc6 11. 0-0-0 Qa5 12. Kb1 Qb4 13. Bd2 Qg4 14. h3 Qxg2 15. Rh2 Nd4 16. Rxg2 Nxe2 17. Bxe2 Bd7 18. Rdg1 g6 19. Ne5 Bc6 20. Bh6 Rfe8 21. Nxg6 hxg6 22. Rxg6+ Kh7 23. Rxf6 Bd4 24. Bd3+ Kh8 25. Rf7 1-0

[Event "Lublin op 4th"]
[Site "Lublin"]
[Date "2012.??.??"]
[Round "5"]
[White "Cymbala, Ireneusz"]
[Black "Siedlanowski, Lukasz"]
[Result "1/2-1/2"]
[WhiteElo "1910"]
[BlackElo "1835"]
[PlyCount "77"]
[EventDate "2012.06.04"]
[EventType "swiss"]
[EventRounds "9"]
[EventCountry "POL"]
[SourceTitle "EXT 2014"]
[Source "ChessBase"]
[SourceDate "2013.11.20"]
[SourceVersion "1"]
[SourceVersionDate "2013.11.20"]
[SourceQuality "1"]

1. f4 g6 2. Nf3 d5 3. e3 Bg7 4. Be2 Nf6 5. 0-0 0-0 6. Qe1 c5 7. d3 Nc6 8. Bd1 Bg4 9. Nbd2 Qb6 10. h3 Bxf3 11. Nxf3 c4 12. Ne5 cxd3 13. Nxc6 bxc6 14. cxd3 Nd7 15. Kh1 e5 16. f5 Nc5 17. Bc2 Qa6 18. Qc3 Ne4 19. Qe1 Nc5 20. Qd1 e4 21. d4 Nd7 22. b4 Nb6 23. a4 Nc4 24. Qe2 Qb7 25. Rb1 Nd6 26. g4 gxf5 27. gxf5 Bf6 28. Ba3 Nc4 29. Bc1 Rae8 30. b5 Kh8 31. bxc6 Qxc6 32. Rb5 Rg8 33. Rf2 Qd6 34. Rg2 Rg3 35. Rxg3 Qxg3 36. Qg2 Qe1+ 37. Qg1 Qh4 38. Qg4 Qe1+ 39. Qg1 1/2-1/2

[Event "Lublin op 4th"]
[Site "Lublin"]
[Date "2012.??.??"]
[Round "7"]
[White "Krzyzanowski, Wojciech Marcin"]
[Black "Cymbala, Ireneusz"]
[Result "1-0"]
[WhiteElo "1981"]
[BlackElo "1910"]
[PlyCount "33"]
[EventDate "2012.06.04"]
[EventType "swiss"]
[EventRounds "9"]
[EventCountry "POL"]
[SourceTitle "EXT 2014"]
[Source "ChessBase"]
[SourceDate "2013.11.20"]
[SourceVersion "1"]
[SourceVersionDate "2013.11.20"]
[SourceQuality "1"]

1. d4 Nf6 2. c4 g6 3. Nc3 d5 4. cxd5 Nxd5 5. e4 Nxc3 6. bxc3 Bg7 7. Be3 c5 8. Qd2 Qa5 9. Nf3 0-0 10. Rc1 Nc6 11. d5 Rd8 12. Qc2 Nd4 13. Nxd4 cxd4 14. Bd2 dxc3 15. Bxc3 Bxc3+ 16. Qxc3 Qxa2 17. Ra1 1-0

[Event "POL-ch Amateurs"]
[Site "Wroclaw"]
[Date "2011.07.02"]
[Round "4"]
[White "Cymbala, Ireneusz"]
[Black "Kruk, Ireneusz"]
[Result "1-0"]
[WhiteElo "1948"]
[BlackElo "1518"]
[PlyCount "27"]
[EventDate "2011.07.01"]
[EventType "swiss"]
[EventRounds "7"]
[EventCountry "POL"]
[SourceTitle "EXT 2023"]
[Source "ChessBase"]
[SourceDate "2022.10.05"]
[SourceVersion "1"]
[SourceVersionDate "2022.10.05"]
[SourceQuality "1"]

1. e4 b6 2. d4 Bb7 3. Bd3 g6 4. f4 Bg7 5. Nf3 Nf6 6. Qe2 d6 7. c4 Nbd7 8. Nc3 0-0 9. e5 dxe5 10. fxe5 Ne8 11. 0-0 e6 12. Bg5 Bxf3 13. Qxf3 Qxg5 14. Qxa8 1-0

[Event "Kreznica Jara op 2nd"]
[Site "Kreznica Jara"]
[Date "2010.02.17"]
[Round "3"]
[White "Cymbala, Ireneusz"]
[Black "Gora, Antonina"]
[Result "1-0"]
[WhiteElo "1943"]
[BlackElo "1543"]
[PlyCount "67"]
[EventDate "2010.02.15"]
[EventType "swiss"]
[EventRounds "7"]
[EventCountry "POL"]
[SourceTitle "CBM 135 Extra"]
[Source "ChessBase"]
[SourceDate "2010.05.04"]
[SourceVersion "1"]
[SourceVersionDate "2010.05.04"]
[SourceQuality "1"]

1. d4 Nf6 2. c4 g6 3. Nc3 d5 4. cxd5 Nxd5 5. e4 Nxc3 6. bxc3 Bg7 7. Be3 c5 8. Qd2 Qa5 9. Rc1 0-0 10. Nf3 Rd8 11. d5 Na6 12. Be2 b5 13. 0-0 Bd7 14. Bg5 Re8 15. h3 Rac8 16. e5 Bf5 17. d6 exd6 18. exd6 Bxc3 19. Rxc3 Rxe2 20. Qxe2 Qxc3 21. Qxb5 Nb8 22. Rc1 Qd3 23. Qxd3 Bxd3 24. Ne5 Bb5 25. Rb1 a6 26. a4 Bxa4 27. Rb7 c4 28. Rc7 Re8 29. Nxf7 Bd7 30. Nh6+ Kf8 31. Be7+ Kg7 32. Ng4 Rc8 33. Ne5 c3 34. Nxd7 1-0

[Event "Dabrowica op 2nd"]
[Site "Dabrowica"]
[Date "2010.01.08"]
[Round "1"]
[White "Puszkarski, Piotr"]
[Black "Cymbala, Ireneusz"]
[Result "0-1"]
[WhiteElo "1499"]
[BlackElo "1928"]
[PlyCount "50"]
[EventDate "2010.01.08"]
[EventType "swiss"]
[EventRounds "7"]
[EventCountry "POL"]
[SourceTitle "EXT 2011"]
[Source "ChessBase"]
[SourceDate "2010.11.26"]
[SourceVersion "1"]
[SourceVersionDate "2010.11.26"]
[SourceQuality "1"]

1. e4 e6 2. d4 d5 3. Nc3 dxe4 4. Nxe4 Bd7 5. Nf3 Bc6 6. Bd3 Be7 7. Bf4 Nf6 8. Qe2 Nbd7 9. 0-0 0-0 10. Bg3 Bxe4 11. Bxe4 Nxe4 12. Qxe4 c6 13. Qd3 Qb6 14. b3 Rfd8 15. Qe3 Nf6 16. c4 Re8 17. Rfd1 c5 18. Ne5 cxd4 19. Qxd4 Bc5 20. Qh4 Rad8 21. Rac1 Qa5 22. Ng4 Be7 23. Be5 Nxg4 24. Rxd8 Bxd8 25. Qg3 Nxe5 0-1

[Event "Kreznica Jara-ch"]
[Site "Kreznica Jara"]
[Date "2009.02.14"]
[Round "2.6"]
[White "Cymbala, Ireneusz"]
[Black "Wozniak, Aleksander"]
[Result "1-0"]
[WhiteElo "1900"]
[BlackElo "1716"]
[PlyCount "125"]
[EventDate "2009.02.13"]
[EventType "swiss"]
[EventRounds "5"]
[EventCountry "POL"]
[SourceTitle "EXT 2023"]
[Source "ChessBase"]
[SourceDate "2022.10.05"]
[SourceVersion "1"]
[SourceVersionDate "2022.10.05"]
[SourceQuality "1"]

1. e4 c5 2. Nf3 Nc6 3. Bb5 a6 4. Bxc6 dxc6 5. 0-0 Bg4 6. d3 Qc7 7. Nc3 Nf6 8. Bg5 0-0-0 9. Qe2 e5 10. Nd1 Rd6 11. Ne3 Re6 12. h3 Bxf3 13. Qxf3 Ne8 14. Nf5 f6 15. Bd2 h5 16. Qe2 g5 17. a3 Ng7 18. Ne3 Re8 19. Rfb1 Ne6 20. Nf5 Nd4 21. Nxd4 exd4 22. Qf3 Qg7 23. b4 Re5 24. bxc5 Bxc5 25. Bb4 g4 26. Qg3 Rg5 27. h4 Re5 28. f4 Bxb4 29. fxe5 Bc3 30. exf6 Qxf6 31. Rf1 Qe7 32. Rab1 Ba5 33. Qf4 Qxh4 34. Qf6 Qxf6 35. Rxf6 Rh7 36. Rbf1 Re7 37. Rf7 Bd8 38. g3 Kd7 39. R1f5 Ke6 40. Rxe7+ Bxe7 41. a4 h4 42. gxh4 Bxh4 43. Rf4 Kd6 44. Rxg4 Bd8 45. Kf2 Kc5 46. e5 Kd5 47. Re4 Ke6 48. Kf3 c5 49. Re1 b6 50. Ke4 Bc7 51. Rb1 a5 52. Rh1 Bxe5 53. Rh6+ Bf6 54. Kf4 Kf7 55. Kf5 Bd8 56. Rh7+ Kf8 57. Ke6 Bg5 58. Rb7 Bd2 59. Rxb6 Bb4 60. Rc6 Kg7 61. Kd5 Kf7 62. Rxc5 Bxc5 63. Kxc5 1-0